Statistics for Solve the Secret Element

Click here to take the quiz!

General Stats

  • This quiz has been taken 2,047 times
  • The average score is 14 of 21

Answer Stats

ScrambleElement% Correct
DGLOGold
100%
CINZZinc
99%
AGNORArgon
87%
CIILNOSSilicon
87%
EILRSVSilver
87%
BNOORBoron
86%
ENNOXXenon
85%
ACCILMUCalcium
75%
ADIMRURadium
74%
FLRSUUSulfur
74%
HIILMTULithium
72%
CHIMMORUChromium
60%
AAEEGMNNSManganese
53%
HHOOPPRSSUPhosphorus
50%
Secret ElementPLUTONIUM
49%
ACEINRSArsenic
45%
EGINNORTNitrogen
45%
EFILNORUFluorine
40%
AILMNPTUPlatinum
39%
EGNNSTTUTungsten
35%
AIMNNOTYAntimony
33%

Score Distribution

Percentile by Number Answered

Percent of People with Each Score

Your Score History

You have not taken this quiz